| 000 | 005050000a22001930004500 | ||
|---|---|---|---|
| 001 | 002494 | ||
| 003 | MACL | ||
| 005 | 20150714142144.0 | ||
| 008 | 150714b xxu||||| |||| 00| 0 eng d | ||
| 040 |
_aMACL _cMACL |
||
| 041 | _aEnglish | ||
| 082 | _a323/SAC | ||
| 100 |
_aSachar, Rajindar _92032 |
||
| 245 |
_aHuman Rights _bPerspectives and Challenges _cRajindar Sachar |
||
| 260 |
_aNew Delhi _c2004 _bGyan Publishing House, |
||
| 350 | _a540 | ||
| 650 |
_aPolitical Science _988 |
||
| 942 |
_k323 _cBK _2ddc |
||
| 999 |
_c14405 _d14405 |
||